[Event "Druga liga Srbije - Vojvodina 2008"]
[Site "Sombor"]
[Date "2008.10.02"]
[Round "3"]
[White "Bodiroga, Predrag"]
[Black "Markovic, Milovan"]
[Result "1-0"]
[WhiteElo "2435"]
[BlackElo "2254"]
[PlyCount "77"]
[EventDate "2008.??.??"]
[Source "Perpetual Check"]

1. d4 d5 2. c4 c6 3. Nc3 e6 4. e3 Nf6 5. Nf3 Bd6 6. Bd3 Nbd7 7. O-O O-O 8. Qc2
Qc7 9. c5 Be7 10. e4 dxe4 11. Nxe4 Nxe4 12. Bxe4 Nf6 13. Bg5 h6 14. Be3 Qd8 15.
Bd3 Nd5 16. Bd2 Bf6 17. Rfe1 Qc7 18. Bc4 Rd8 19. Qe4 b5 20. Bd3 a5 21. Rad1 a4
22. Qh7+ Kf8 23. Re4 Bd7 24. Rg4 Ke7 25. Rxg7 Bxg7 26. Qxg7 Rg8 27. Qxh6 Raf8
28. Qh4+ f6 29. Bh6 Ra8 30. Ne5 Be8 31. Be4 Bf7 32. Ng4 Qd8 33. g3 Rg6 34. Bxg6
Bxg6 35. Bf4 Kd7 36. Ne3 Nb4 37. d5 e5 38. Qg4+ Ke8 39. Qe6+ 1-0

[Event "Druga liga Srbije - Vojvodina 2008"]
[Site "Sombor"]
[Date "2008.10.02"]
[Round "3"]
[White "Popovic, Milos T"]
[Black "Somborski, Nebojsa"]
[Result "1/2-1/2"]
[WhiteElo "2403"]
[BlackElo "2379"]
[PlyCount "27"]
[EventDate "2008.??.??"]
[Source "Perpetual Check"]

1. d4 d5 2. Bf4 Nf6 3. e3 e6 4. Nf3 c5 5. c3 Nc6 6. Nbd2 Bd6 7. Bg3 Qe7 8. Ne5
Nd7 9. f4 O-O 10. Bd3 f5 11. Ndf3 cxd4 12. Nxd7 Bxd7 13. exd4 Be8 14. Qd2
1/2-1/2

[Event "Druga liga Srbije - Vojvodina 2008"]
[Site "Sombor"]
[Date "2008.10.02"]
[Round "3"]
[White "Lalic, Dragan"]
[Black "Nikac, Predrag"]
[Result "0-1"]
[WhiteElo "2367"]
[BlackElo "2390"]
[PlyCount "160"]
[EventDate "2008.??.??"]
[Source "Perpetual Check"]

1. Nf3 f5 2. d4 g6 3. g3 Nf6 4. Bg2 Bg7 5. c4 d6 6. O-O O-O 7. b3 c5 8. Bb2 Ne4
9. Nfd2 Ng5 10. e3 Nc6 11. Nf3 Nxf3+ 12. Bxf3 cxd4 13. exd4 f4 14. Na3 Bh3 15.
Re1 Qd7 16. g4 Kh8 17. Kh1 g5 18. Rg1 Rf6 19. d5 Ne5 20. Bxe5 dxe5 21. Qe2 Rh6
22. Be4 Rf8 23. f3 Rh4 24. c5 h5 25. c6 bxc6 26. dxc6 Qe6 27. gxh5 g4 28. fxg4
Bxg4 29. Qf2 Rxh5 30. c7 Bf6 31. Rxg4 Qxg4 32. Bf3 Qf5 33. Bxh5 Qxh5 34. Rc1
Rc8 35. Nb5 e4 36. Qxf4 Be5 37. Qd2 e3 38. Qd8+ Kh7 39. Qxe7+ Kh8 40. Qd8+ Kh7
41. Qd7+ Bg7 42. Nd4 e2 43. Rg1 Qe5 44. Qh3+ Bh6 45. Qd3+ Kh8 46. Nxe2 Qxc7 47.
Qd4+ Bg7 48. Qe4 Qc2 49. Qh4+ Qh7 50. Qxh7+ Kxh7 51. Rc1 Rd8 52. Rc2 Kg6 53.
Kg2 Kf5 54. Ng3+ Ke6 55. Rc6+ Kd5 56. Rc2 Rf8 57. Rd2+ Kc6 58. Rf2 Rg8 59. Rf7
a5 60. Kf3 Kc5 61. h4 Kb4 62. Rf4+ Kc3 63. Nf5 Bf8 64. Rg4 Rxg4 65. Kxg4 Kb2
66. Nd4 Kxa2 67. Kf5 Bg7 68. Nc6 Bc3 69. h5 Kxb3 70. h6 a4 71. Ne5 Bxe5 72.
Kxe5 a3 73. Kf6 a2 74. Kg7 a1=Q+ 75. Kg8 Qa8+ 76. Kg7 Qb7+ 77. Kg8 Qc8+ 78. Kg7
Qd7+ 79. Kg8 Qg4+ 80. Kf8 Qg6 0-1

[Event "Druga liga Srbije - Vojvodina 2008"]
[Site "Sombor"]
[Date "2008.10.02"]
[Round "3"]
[White "Kontic, Djordjije"]
[Black "Perisic, Radivoj"]
[Result "1/2-1/2"]
[WhiteElo "2380"]
[BlackElo "2318"]
[PlyCount "127"]
[EventDate "2008.??.??"]
[Source "Perpetual Check"]

1. e4 c5 2. Ne2 d6 3. g3 Nc6 4. Bg2 g6 5. O-O Bg7 6. h3 e5 7. a3 Nge7 8. b4
cxb4 9. axb4 Nxb4 10. Ba3 Nbc6 11. Nbc3 a6 12. f4 O-O 13. Kh2 Qc7 14. fxe5 Nxe5
15. d3 Bd7 16. Qd2 b5 17. Nf4 Ng4+ 18. hxg4 Bxc3 19. Bxd6 Qc6 20. Nd5 Nxd5 21.
exd5 Qxd6 22. Qxc3 Rac8 23. Qb2 Bxg4 24. Rf6 Rxc2 25. Qd4 Qd7 26. Kg1 Bh3 27.
Bf3 a5 28. d6 Be6 29. Rxa5 Rd8 30. Ra6 Qc8 31. Ra7 Qc5 32. Qxc5 Rxc5 33. Ra6
Kg7 34. Rf4 Rf5 35. Rxf5 Bxf5 36. d4 h5 37. Kf2 Kf6 38. Ke3 Ke6 39. Rb6 Rxd6
40. Rxb5 Ra6 41. Kf4 Rd6 42. Re5+ Kf6 43. Ke3 Ra6 44. Re8 Ra3+ 45. Kf2 Bd7 46.
Rd8 Ke7 47. Rb8 Rd3 48. Rb4 Bg4 49. Bxg4 hxg4 50. d5 Rf3+ 51. Kg2 f5 52. Rb7+
Kd6 53. Rb6+ Kxd5 54. Rxg6 Ra3 55. Kf2 Ra2+ 56. Ke3 Rg2 57. Kf4 Rf2+ 58. Kg5
Ke4 59. Rf6 Rf3 60. Re6+ Kd4 61. Re8 Re3 62. Rf8 Rxg3 63. Rxf5 Ke3 64. Rf4
1/2-1/2

[Event "Druga liga Srbije - Vojvodina 2008"]
[Site "Sombor"]
[Date "2008.10.02"]
[Round "3"]
[White "Vukic, Radivoj"]
[Black "Pezelj, Novak"]
[Result "1/2-1/2"]
[WhiteElo "2333"]
[BlackElo "2325"]
[PlyCount "75"]
[EventDate "2008.??.??"]
[Source "Perpetual Check"]

1. Nf3 Nf6 2. c4 d6 3. Nc3 e5 4. e4 Be7 5. d4 Nbd7 6. Be2 O-O 7. O-O Re8 8. Re1
c6 9. Bf1 Qc7 10. Rb1 Nf8 11. h3 Ng6 12. g3 Bd7 13. b4 a6 14. Qb3 Rac8 15. Bb2
Qb8 16. dxe5 dxe5 17. c5 Be6 18. Bc4 Bxc4 19. Qxc4 Nd7 20. Nd1 a5 21. a3 b6 22.
cxb6 axb4 23. axb4 Qxb6 24. Bc3 Qb5 25. Ne3 Bf8 26. Ra1 Nb6 27. Qb3 h6 28. Ra7
Re7 29. Ra5 Qd3 30. Rd1 Qe2 31. Kg2 Rd7 32. Rxd7 Nxd7 33. Nxe5 Ndxe5 34. Bxe5
Rd8 35. Ra2 Qd3 36. Qxd3 Rxd3 37. Bc7 Bxb4 38. Rc2 1/2-1/2

[Event "Druga liga Srbije - Vojvodina 2008"]
[Site "Sombor"]
[Date "2008.10.02"]
[Round "3"]
[White "Bogosavljevic, Boban"]
[Black "Szuhanek, Ranko"]
[Result "1/2-1/2"]
[WhiteElo "2541"]
[BlackElo "2457"]
[PlyCount "22"]
[EventDate "2008.??.??"]
[Source "Perpetual Check"]

1. Nf3 d5 2. c4 c6 3. g3 Nf6 4. Bg2 dxc4 5. Qc2 b5 6. b3 cxb3 7. axb3 e6 8. O-O
Bb7 9. d4 Nbd7 10. Nc3 a6 11. e4 c5 1/2-1/2

[Event "Druga liga Srbije - Vojvodina 2008"]
[Site "Sombor"]
[Date "2008.10.02"]
[Round "3"]
[White "Lekic, Dusan"]
[Black "Drazic, Sinisa"]
[Result "1-0"]
[WhiteElo "2394"]
[BlackElo "2528"]
[PlyCount "93"]
[EventDate "2008.??.??"]
[Source "Perpetual Check"]

1. d4 Nf6 2. c4 c6 3. Nf3 d5 4. Nc3 a6 5. a4 Bf5 6. g3 e6 7. Bg2 Be7 8. Nh4 Bg4
9. h3 Bh5 10. g4 Bg6 11. Nxg6 hxg6 12. Qb3 Ra7 13. e4 Nxe4 14. Nxe4 dxe4 15.
Be3 Nd7 16. Bxe4 Qc8 17. Bg2 c5 18. O-O O-O 19. Rfd1 b6 20. a5 bxa5 21. Rxa5
cxd4 22. Bxd4 Rc7 23. Rc1 Bc5 24. Bxc5 Nxc5 25. Qa3 Rd8 26. Bf1 Rc6 27. b4 Ne4
28. c5 Qd7 29. Qe3 Qd4 30. Qxd4 Rxd4 31. Rc4 e5 32. Rxd4 exd4 33. Rxa6 Rc7 34.
Ra8+ Kh7 35. Rd8 Ng5 36. Bg2 Ne6 37. Rd6 Ra7 38. Bd5 Nf4 39. b5 d3 40. Bc4 Ra1+
41. Kh2 Rc1 42. Bxd3 Rxc5 43. b6 Nxd3 44. Rxd3 Rb5 45. Rd6 g5 46. Kg3 {
Necitko dalje} 46... Rb3+ 47. f3 1-0

[Event "Druga liga Srbije - Vojvodina 2008"]
[Site "Sombor"]
[Date "2008.10.02"]
[Round "3"]
[White "Petkovic, Radosav"]
[Black "Stojanovic, Zoran"]
[Result "1/2-1/2"]
[WhiteElo "2313"]
[BlackElo "2251"]
[PlyCount "31"]
[EventDate "2008.??.??"]
[Source "Perpetual Check"]

1. e4 c6 2. d4 d5 3. Nc3 dxe4 4. Nxe4 Nd7 5. Ng5 Ngf6 6. Bc4 e6 7. Qe2 Nb6 8.
Bd3 h6 9. N5f3 c5 10. dxc5 Bxc5 11. Ne5 Qc7 12. Ngf3 Bb4+ 13. Bd2 Bxd2+ 14.
Qxd2 Nbd7 15. Nxd7 Bxd7 16. O-O 1/2-1/2

[Event "Druga liga Srbije - Vojvodina 2008"]
[Site "Sombor"]
[Date "2008.10.02"]
[Round "3"]
[White "Mijatovic, Dejan"]
[Black "Munizaba, Slobodan"]
[Result "0-1"]
[WhiteElo "2278"]
[BlackElo "2307"]
[PlyCount "67"]
[EventDate "2008.??.??"]
[Source "Perpetual Check"]

1. d4 d5 2. c4 dxc4 3. e3 Nf6 4. Nf3 e6 5. Bxc4 c5 6. O-O a6 7. a4 Nc6 8. Nc3
Be7 9. Qe2 cxd4 10. Rd1 O-O 11. exd4 Nb4 12. Bg5 Bd7 13. Ne5 Rc8 14. Bb3 Be8
15. Qf3 Rc7 16. Rac1 Nfd5 17. Bd2 Nxc3 18. bxc3 Nc6 19. Nc4 b5 20. axb5 axb5
21. Ne3 b4 22. Bc2 bxc3 23. Bxc3 Bb4 24. Bb2 Ne7 25. Qe4 f5 26. Qxe6+ Bf7 27.
Qb6 Bd6 28. d5 Bc5 29. Qa5 Bh5 30. Qc3 Rf7 31. d6 Bxd6 32. Rxd6 Qxd6 33. Qa5
Nc6 34. Qa8+ 0-1

[Event "Druga liga Srbije - Vojvodina 2008"]
[Site "Sombor"]
[Date "2008.10.02"]
[Round "3"]
[White "Zivkovic, Negosim"]
[Black "Parezanin, Darko"]
[Result "1-0"]
[WhiteElo "2237"]
[BlackElo "2279"]
[PlyCount "55"]
[EventDate "2008.??.??"]
[Source "Perpetual Check"]

1. e4 g6 2. d4 d6 3. h3 Bg7 4. Nf3 Nf6 5. Bd3 O-O 6. O-O Nbd7 7. Be3 e5 8. Nbd2
Nh5 9. Re1 h6 10. c3 Re8 11. Qb3 Qf6 12. Rad1 Nf4 13. Bf1 Nf8 14. Kh2 g5 15. g3
Nxh3 16. dxe5 dxe5 17. Bxh3 g4 18. Bg2 gxf3 19. Bxf3 Ne6 20. Bg2 Bf8 21. Nc4
Nc5 22. Qc2 b5 23. Na5 Ne6 24. Qd3 Ng5 25. Qxb5 Bg4 26. Bxg5 hxg5 27. Rd2 {
I pored mnogo dobre volje nemoze dalje} 27... Rac8 28. Rc2 1-0

[Event "Druga liga Srbije - Vojvodina 2008"]
[Site "Sombor"]
[Date "2008.10.02"]
[Round "3"]
[White "Jovic, Stevan"]
[Black "Popov, Zoran"]
[Result "0-1"]
[WhiteElo "2238"]
[BlackElo "2075"]
[PlyCount "64"]
[EventDate "2008.??.??"]
[Source "Perpetual Check"]

1. d4 Nf6 2. c4 c5 3. d5 e5 4. Nc3 d6 5. e4 Be7 6. Be2 a6 7. Nf3 O-O 8. O-O Ne8
9. a3 f5 10. b4 b6 11. Nd2 f4 12. Rb1 Nf6 13. bxc5 bxc5 14. Na4 Nbd7 15. Qc2 g5
16. g4 Qe8 17. h3 Bd8 18. Nf3 Qg6 19. Kg2 h5 20. Nd2 Rf7 21. Bb2 Rb8 22. Bc3
Rxb1 23. Qxb1 Rh7 24. Rh1 Nf8 25. Qb8 Bxg4 26. hxg4 hxg4 27. Qb1 f3+ 28. Bxf3
gxf3+ 29. Kxf3 g4+ 30. Ke3 Rxh1 31. Qxh1 Qg5+ 32. Kd3 Ng6 0-1

[Event "Druga liga Srbije - Vojvodina 2008"]
[Site "Sombor"]
[Date "2008.10.02"]
[Round "3"]
[White "Roganovic, Milos"]
[Black "Galyas, Miklos"]
[Result "1/2-1/2"]
[WhiteElo "2458"]
[BlackElo "2454"]
[PlyCount "31"]
[EventDate "2008.??.??"]
[Source "Perpetual Check"]

1. e4 e6 2. d4 d5 3. Nd2 Be7 4. Ngf3 Nf6 5. e5 Nfd7 6. Bd3 c5 7. c3 b6 8. Qe2
a5 9. O-O Ba6 10. c4 Nc6 11. cxd5 Bxd3 12. Qxd3 Nb4 13. Qe4 exd5 14. Qg4 O-O
15. dxc5 bxc5 16. Rd1 {dalje je necitko} 1/2-1/2

[Event "Druga liga Srbije - Vojvodina 2008"]
[Site "Sombor"]
[Date "2008.10.02"]
[Round "3"]
[White "Vlahovic, Bogdan"]
[Black "Balog, Imre"]
[Result "1-0"]
[WhiteElo "2362"]
[BlackElo "2423"]
[PlyCount "58"]
[EventDate "2008.??.??"]
[Source "Perpetual Check"]

1. Nf3 Nf6 2. c4 g6 3. b3 Bg7 4. Bb2 O-O 5. g3 c6 6. Bg2 d5 7. O-O a5 8. d3 Na6
9. Nbd2 Bf5 10. a3 b5 11. cxd5 cxd5 12. Rc1 Qb6 13. Qc2 Rfc8 14. Qb1 b4 15. a4
Rxc1 16. Qxc1 Rc8 17. Qa1 Ne8 18. Bxg7 Nxg7 19. Rc1 Rxc1+ 20. Qxc1 Ne6 21. e4
dxe4 22. dxe4 Bg4 23. Qc8+ Kg7 24. Nc4 Qa7 25. Nfe5 Bd1 26. Qe8 Ng5 27. h4 Bxb3
28. hxg5 Bxc4 29. Nxc4 h6 {dalje je necitko} 1-0

[Event "Druga liga Srbije - Vojvodina 2008"]
[Site "Sombor"]
[Date "2008.10.02"]
[Round "3"]
[White "Dekic, Josip"]
[Black "Mijovic, Stefan"]
[Result "1/2-1/2"]
[WhiteElo "2342"]
[BlackElo "2287"]
[PlyCount "72"]
[EventDate "2008.??.??"]
[Source "Perpetual Check"]

1. e4 c5 2. Nf3 e6 3. d4 cxd4 4. Nxd4 Nf6 5. Nc3 d6 6. Bc4 Be7 7. Bb3 O-O 8.
O-O Na6 9. f4 Nc5 10. e5 Nfe4 11. Nxe4 Nxe4 12. c3 Nc5 13. Bc2 g6 14. Qe2 Bd7
15. Rf3 Qc7 16. Rh3 Rfe8 17. b4 Na4 18. Bd2 Nb6 19. f5 exf5 20. e6 fxe6 21.
Nxe6 Qc4 22. Re3 Qxe2 23. Rxe2 Bf6 24. Bb3 d5 25. Nf4 Rxe2 26. Nxe2 Ba4 27. Be3
Re8 28. Kf2 Bb5 29. Nf4 Bxc3 30. Rc1 Bxb4 31. Nxd5 Nxd5 32. Bxd5+ Kf8 33. Rb1
f4 34. Bxa7 Re2+ 35. Kf3 Rd2 36. Rxb4 Rxd5 1/2-1/2

[Event "Druga liga Srbije - Vojvodina 2008"]
[Site "Sombor"]
[Date "2008.10.02"]
[Round "3"]
[White "Levnajic, Pavle"]
[Black "Novakovic, Dragan"]
[Result "1-0"]
[WhiteElo "2240"]
[BlackElo "2291"]
[PlyCount "42"]
[EventDate "2008.??.??"]
[Source "Perpetual Check"]

1. d4 d5 2. Nf3 c6 3. c4 Nf6 4. Nc3 e6 5. Bg5 Nbd7 6. e3 Qa5 7. Nd2 Bb4 8. Qc2
Ne4 9. Ndxe4 dxe4 10. Bh4 O-O 11. Be2 f5 12. O-O Nf6 13. Bg3 Qd8 14. Rfd1 Qe7
15. a3 Bxc3 16. bxc3 Kh8 17. c5 Re8 18. a4 a5 19. c4 h6 20. Rab1 Kh7 21. Qb3
Ra6 {Necitko} 1-0

[Event "Druga liga Srbije - Vojvodina 2008"]
[Site "Sombor"]
[Date "2008.10.02"]
[Round "3"]
[White "Ivanovic, Miroslav"]
[Black "Sevo, Dusan"]
[Result "0-1"]
[WhiteElo "2168"]
[BlackElo "2285"]
[PlyCount "80"]
[EventDate "2008.??.??"]
[Source "Perpetual Check"]

1. c4 g6 2. Nc3 Bg7 3. g3 c5 4. Bg2 Nc6 5. d3 e6 6. e4 Nge7 7. Nge2 d6 8. O-O
O-O 9. h3 a6 10. Bg5 h6 11. Be3 Nd4 12. Qd2 Kh7 13. f4 Rb8 14. g4 f5 15. Ng3
Bd7 16. Rae1 b5 17. b3 b4 18. Nce2 e5 19. Nxd4 cxd4 20. Bf2 fxg4 21. hxg4 a5
22. f5 Bf6 23. Bf3 Rg8 24. Kh1 Bg5 25. Qd1 Rg7 26. Re2 Ng8 27. Be1 Bf4 28. Rg1
Qg5 29. Bd2 Nf6 30. Qc1 Nxg4 31. Bxf4 exf4 32. Nf1 gxf5 33. Nh2 Rbg8 34. Rgg2
h5 35. Qg1 Qh4 36. Qxd4 Nxh2 37. Rxh2 Rg1+ 38. Qxg1 Rxg1+ 39. Kxg1 Qg3+ 40. Bg2
fxe4 0-1

[Event "Druga liga Srbije - Vojvodina 2008"]
[Site "Sombor"]
[Date "2008.10.02"]
[Round "3"]
[White "Jakovljev, Zoran"]
[Black "Strangar, Zlatko"]
[Result "0-1"]
[WhiteElo "2233"]
[BlackElo "2174"]
[PlyCount "84"]
[EventDate "2008.??.??"]
[Source "Perpetual Check"]

1. e4 e6 2. Qe2 d5 3. d3 Nf6 4. g3 Be7 5. Bg2 c5 6. Nf3 Nc6 7. O-O O-O 8. e5
Nd7 9. c4 Nb6 10. b3 f5 11. h4 h6 12. Nc3 d4 13. Nb5 a6 14. Nd6 Bxd6 15. exd6
Qxd6 16. Bf4 Qe7 17. h5 Bd7 18. Bc7 Nc8 19. Nh4 Be8 20. Bf4 e5 21. Bxc6 bxc6
22. Bxe5 Qg5 23. Ng6 Bxg6 24. hxg6 Qxg6 25. Rae1 Ra7 26. Qd2 Re7 27. Bf4 Rfe8
28. Rxe7 Rxe7 29. Qa5 Qf6 30. Qxa6 Qe6 31. Qa5 g5 32. Bd2 Qd6 33. b4 Ra7 34.
bxc5 Qd7 35. Qb4 f4 36. Qb8 f3 37. Kh2 Rxa2 38. Be1 Qg4 39. Rh1 Re2 40. Qb4 Ne7
41. Kg1 Nf5 42. Kf1 Qxg3 0-1

[Event "Druga liga Srbije - Vojvodina 2008"]
[Site "Sombor"]
[Date "2008.10.02"]
[Round "3"]
[White "Galo, Dejan"]
[Black "Vujadinovic, Goran"]
[Result "0-1"]
[WhiteElo "2092"]
[BlackElo "2363"]
[PlyCount "70"]
[EventDate "2008.??.??"]
[Source "Perpetual Check"]

1. e4 d6 2. d4 g6 3. Nc3 Bg7 4. Bg5 c6 5. Qd2 b5 6. f4 Qb6 7. O-O-O Nd7 8. Nf3
b4 9. Ne2 Ngf6 10. Kb1 Nxe4 11. Qe1 Nxg5 12. Nxg5 O-O 13. f5 h6 14. Nf3 gxf5
15. Ng3 Nf6 16. Qxe7 Nd5 17. Qxd6 Nc3+ 18. Kc1 Nxd1 19. Kxd1 Rd8 20. Qf4 Bxd4
21. Bd3 Be3 22. Qh4 b3 23. axb3 Ba6 24. Ne5 Bxd3 25. Nxd3 Bg5 26. Qc4 Qe3 27.
Qc3 Qc1+ 28. Ke2 Re8+ 29. Kf2 Qe3+ 30. Kf1 Rad8 31. Nxf5 Qe2+ 32. Kg1 Be3+ 33.
Nxe3 Qxe3+ 34. Kf1 Qe2+ 35. Kg1 Rxd3 0-1

[Event "Druga liga Srbije - Vojvodina 2008"]
[Site "Sombor"]
[Date "2008.10.02"]
[Round "3"]
[White "Zlatic, Mihajlo"]
[Black "Saric, Sinisa"]
[Result "1/2-1/2"]
[WhiteElo "2471"]
[BlackElo "2414"]
[PlyCount "125"]
[EventDate "2008.??.??"]
[Source "Perpetual Check"]

1. e4 d5 2. exd5 Qxd5 3. Nc3 Qa5 4. Bc4 Nc6 5. d3 Bd7 6. Bd2 Qf5 7. Qf3 Qxf3 8.
Nxf3 e6 9. O-O-O a6 10. Rhe1 O-O-O 11. d4 Nge7 12. d5 exd5 13. Nxd5 Nxd5 14.
Bxd5 f6 15. Be3 Bd6 16. Nd2 Nb4 17. Bb3 Rhe8 18. a3 Nc6 19. Bd5 Ne5 20. Ne4 Bf8
21. Nc5 Bxc5 22. Bxc5 Bc6 23. Bxc6 Nxc6 24. Rxd8+ Kxd8 25. Rd1+ Kc8 26. h3 b6
27. Be3 Ne5 28. b3 Nf7 29. a4 a5 30. Kb2 Re7 31. c4 c5 32. Kc3 Kb7 33. Rd5 Kc6
34. g4 Nd6 35. Kd3 Nf7 36. Ke2 Re8 37. Rh5 h6 38. Rd5 Ne5 39. f3 Nf7 40. h4 Re6
41. Kf2 Re8 42. h5 Re6 43. Bf4 Re7 44. Rd3 Kb7 45. Re3 Rd7 46. Re6 Nd8 47. Rd6
Rxd6 48. Bxd6 Ne6 49. Ke3 Kc6 50. Bg3 Nd4 51. Ke4 Kd7 52. Bf2 Nxb3 53. Be3 Nd4
54. Bxd4 cxd4 55. Kxd4 Kd6 56. f4 Kc6 57. Kd3 Kc5 58. Kc3 Kd6 59. Kd4 Kc6 60.
Kd3 Kc5 61. Kc3 Kd6 62. Kd4 Kc6 63. Kd3 1/2-1/2

[Event "Druga liga Srbije - Vojvodina 2008"]
[Site "Sombor"]
[Date "2008.10.02"]
[Round "3"]
[White "Rogac, Srdjan"]
[Black "Kizov, Atanas"]
[Result "0-1"]
[WhiteElo "2303"]
[BlackElo "2439"]
[PlyCount "108"]
[EventDate "2008.??.??"]
[Source "Perpetual Check"]

1. e4 e5 2. Nf3 Nc6 3. d4 exd4 4. Bc4 Nf6 5. e5 Ng4 6. Qe2 Qe7 7. Bf4 f6 8.
exf6 gxf6 9. Nbd2 d6 10. Qxe7+ Bxe7 11. Bb5 Bd7 12. Nb3 d3 13. Bxd3 Nb4 14. h3
Nxd3+ 15. cxd3 Ne5 16. Nxe5 fxe5 17. Be3 c5 18. f4 exf4 19. Bxf4 Bc6 20. Rg1
Kd7 21. O-O-O Rhg8 22. g3 Raf8 23. Rdf1 Bd5 24. Kc2 b5 25. Nd2 a5 26. a4 bxa4
27. Ra1 Bb3+ 28. Nxb3 axb3+ 29. Kxb3 Bf6 30. Kc2 Bd4 31. Rgf1 Rb8 32. Rfb1 Rb5
33. Ra2 Re8 34. Kd1 Be3 35. Ra4 Bxf4 36. Rxf4 Re3 37. Kd2 Rxg3 38. Rf7+ Kc6 39.
Rxh7 Rb3 40. Ra1 Rxb2+ 41. Kc3 Rgg2 42. d4 Rgc2+ 43. Kd3 Rd2+ 44. Ke3 Rxd4 45.
Rxa5 Rb3+ 46. Ke2 Rdd3 47. Rh6 c4 48. Ra6+ Kc5 49. Rh5+ d5 50. Ra5+ Rb5 51.
Rxb5+ Kxb5 52. Rg5 Kc5 53. h4 Rh3 54. h5 c3 0-1

[Event "Druga liga Srbije - Vojvodina 2008"]
[Site "Sombor"]
[Date "2008.10.02"]
[Round "3"]
[White "Dragojlovic, Andjelko"]
[Black "Krejic, Igor"]
[Result "1/2-1/2"]
[WhiteElo "2393"]
[BlackElo "2273"]
[PlyCount "132"]
[EventDate "2008.??.??"]
[Source "Perpetual Check"]

1. e4 e5 2. Nf3 Nf6 3. Nxe5 d6 4. Nf3 Nxe4 5. d4 d5 6. Bd3 Bd6 7. c4 c6 8. Nc3
Nxc3 9. bxc3 dxc4 10. Bxc4 O-O 11. O-O Bg4 12. Re1 Nd7 13. Qd3 b5 14. Ng5 g6
15. Bb3 Nc5 16. Qd2 Nxb3 17. axb3 Re8 18. Ne4 Bf5 19. Nxd6 Qxd6 20. Rxe8+ Rxe8
21. h3 Qd5 22. Rxa7 Qxb3 23. Kh2 Qc2 24. Qg5 Be6 25. Be3 Bd5 26. Bd2 Qd3 27.
Bf4 Qf1 28. Be3 Qd3 29. h4 h5 30. Rd7 Qe4 31. Bf4 f6 32. Qg3 Qf5 33. Ra7 Re4
34. Bh6 Bf7 35. f3 Re2 36. Qd6 Re8 37. Re7 Rc8 38. Rc7 Re8 39. Rxc6 g5 40. hxg5
fxg5 41. Rc5 Qf4+ 42. Qxf4 gxf4 43. Rxb5 Rc8 44. Rg5+ Kh7 45. Rg7+ Kxh6 46.
Rxf7 Kg5 47. Rd7 Rxc3 48. Rd5+ Kg6 49. Re5 Rd3 50. d5 Rd1 51. Re6+ Kf5 52. Rh6
Kg5 53. Rd6 Kf5 54. Rd8 Kf6 55. d6 Kg5 56. g3 fxg3+ 57. Kxg3 Kf6 58. f4 Ke6 59.
Rh8 Rxd6 60. Rh6+ Ke7 61. Rxh5 Rd1 62. Kg4 Kf6 63. Rh6+ Kg7 64. Ra6 Rd5 65. Kf3
Rd4 66. Kg4 Rd5 1/2-1/2

[Event "Druga liga Srbije - Vojvodina 2008"]
[Site "Sombor"]
[Date "2008.10.02"]
[Round "3"]
[White "Savanovic, Vuk"]
[Black "Miranovic, Rajko"]
[Result "1/2-1/2"]
[WhiteElo "2225"]
[BlackElo "2383"]
[PlyCount "61"]
[EventDate "2008.??.??"]
[Source "Perpetual Check"]

1. e4 c5 2. Nf3 d6 3. d4 cxd4 4. Nxd4 Nf6 5. Nc3 Nc6 6. f3 Qb6 7. Nb3 e6 8. a4
a6 9. a5 Qc7 10. Be3 Nd7 11. Bd2 Nc5 12. Nxc5 dxc5 13. Bf4 Qd7 14. Na4 e5 15.
Be3 Qxd1+ 16. Kxd1 Nd4 17. Bc4 Be6 18. Bxe6 fxe6 19. Bxd4 O-O-O 20. Nb6+ Kc7
21. Ke2 exd4 22. Nc4 Kb8 23. h4 Bd6 24. e5 Bc7 25. h5 Rdf8 26. Raf1 Kc8 27. f4
Kd7 28. g4 Kc6 29. Kd3 Kd5 30. Rf2 Rf7 31. Rhf1 1/2-1/2

[Event "Druga liga Srbije - Vojvodina 2008"]
[Site "Sombor"]
[Date "2008.10.02"]
[Round "3"]
[White "Grujic, Zoran"]
[Black "Cabarkapa, Velibor"]
[Result "1/2-1/2"]
[WhiteElo "2335"]
[BlackElo "2289"]
[PlyCount "72"]
[EventDate "2008.??.??"]
[Source "Perpetual Check"]

1. c4 c6 2. Nc3 d5 3. d4 Nf6 4. e3 e6 5. Nf3 Nbd7 6. Bd3 dxc4 7. Bxc4 b5 8. Bd3
a6 9. e4 c5 10. e5 cxd4 11. Nxb5 Ng4 12. Qa4 Bb7 13. Nbxd4 Qb6 14. O-O Bc5 15.
h3 Bxd4 16. hxg4 Bxf3 17. gxf3 Ra7 18. Bd2 O-O 19. f4 Bxb2 20. Rab1 Nc5 21.
Bxh7+ Kxh7 22. Qc2+ Kg8 23. Rxb2 Qc6 24. Rc1 Rc8 25. Be3 Rac7 26. Qd1 Qa4 27.
Qf1 Nd7 28. Rxc7 Rxc7 29. Qd3 g5 30. Qd6 Rc6 31. Rb4 Rxd6 32. Rxa4 Rc6 33. Rd4
gxf4 34. Bxf4 Nb6 35. Rd3 Kg7 36. Bg5 Nd5 1/2-1/2

[Event "Druga liga Srbije - Vojvodina 2008"]
[Site "Sombor"]
[Date "2008.10.02"]
[Round "3"]
[White "Djacanin, Goran"]
[Black "Bulajic, Ratko"]
[Result "0-1"]
[WhiteElo "2244"]
[BlackElo "2346"]
[PlyCount "144"]
[EventDate "2008.??.??"]
[Source "Perpetual Check"]

1. e4 c5 2. Nc3 a6 3. Nf3 b5 4. d4 cxd4 5. Nxd4 d6 6. Bd3 Nf6 7. O-O Bb7 8. a3
Nbd7 9. Kh1 e6 10. f4 Be7 11. Qf3 O-O 12. Be3 Rc8 13. Rae1 g6 14. Qh3 e5 15.
Nf3 exf4 16. Bxf4 Rc5 17. e5 dxe5 18. Nxe5 Nxe5 19. Bxe5 Bc8 20. Qf3 Ng4 21.
Bg3 Bh4 22. h3 Rh5 23. Bxh4 Qxh4 24. Re8 Ne5 25. Rxf8+ Kxf8 26. Qa8 Qd8 27. Be2
Rh4 28. Qb8 Nc6 29. Qg3 Bf5 30. Rd1 Rd4 31. Qe3 Bxc2 32. Rc1 Bf5 33. Bf3 Na5
34. Ne2 Rd1+ 35. Rxd1 Qxd1+ 36. Kh2 Qd6+ 37. Kh1 Nc4 38. Qc3 Qe5 39. Nd4 Bd7
40. a4 Qe3 41. Qb4+ Qe7 42. Qc3 Qe3 43. Qb4+ Kg7 44. Qc5 Qc1+ 45. Kh2 Qf4+ 46.
Kh1 Qd6 47. b4 Qxc5 48. bxc5 bxa4 49. Be2 Nd2 50. Bxa6 Nb3 51. c6 Nxd4 52. cxd7
Ne6 53. Kg1 Kf6 54. Bc4 Ke7 55. Kf2 a3 56. Ke3 Kxd7 57. Kd3 Nf4+ 58. Kc3 f6 59.
Bf1 Nd5+ 60. Kb3 Kd6 61. g3 Ke5 62. Kxa3 Kd4 63. Kb3 Ne3 64. Bb5 Nf5 65. g4 Nd6
66. Bd7 g5 67. Kc2 Ne4 68. Kd1 Ke3 69. Ke1 Nf2 70. h4 gxh4 71. Kf1 Kf3 72. Bc6+
Kg3 0-1